Statistics for Kite Brands

Click here to take the quiz!

General Stats

  • This quiz has been taken 4 times
  • The average score is 11 of 16

Answer Stats

Answer% Correct
Cabrinha
100%
Core
100%
Duotone
100%
Eleveight
100%
North
100%
Slingshot
100%
Star
100%
Airush
50%
Crazyfly
50%
Epic
50%
F-one
50%
Naish
50%
Ocean Rodeo
50%
Ozone
50%
Switch
50%
Gaastra
0%

Score Distribution

Percentile by Number Answered

Percent of People with Each Score

Your Score History

You have not taken this quiz